Pyrenne : a European proyect to foster linguistic diversity and the role of tradition in contemporary arts production : project document
Furkejuvvon:
| Eará dahkkit: | , , |
|---|---|
| Materiálatiipa: | Girji |
| Giella: | English |
| Almmustuhtton: |
Barcelona:
Fundació Interarts,
2001.
|
| Fáttát: | |
| Fáddágilkorat: |
Lasit fáddágilkoriid
Eai fáddágilkorat, Lasit vuosttaš fáddágilkora!
|
MARC
| LEADER | 00000nam a2200000 b 4500 | ||
|---|---|---|---|
| 001 | bimo0001776352 | ||
| 005 | 20150603115222.0 | ||
| 008 | 020506s2001 sp | ||| ||eng | ||
| 020 | |a 846073742X | ||
| 040 | |a SpMaBN |b spa |c SpMaBN | ||
| 082 | |a 306 |b P998p | ||
| 245 | 1 | 0 | |a Pyrenne |h [Texto impreso] |b : a European proyect to foster linguistic diversity and the role of tradition in contemporary arts production : project document |c [Fundació Interarts, project director, Eduard Delgado ; project coordination, Elisenda Belda, Annamari Laaksonen ; contributors, Francesc Badia ... et al.] |
| 260 | |a Barcelona: |b Fundació Interarts, |c 2001. | ||
| 300 | |a 106 páginas: |b ilustraciones | ||
| 500 | |a "CONNECT Initiative" | ||
| 504 | |a Bibliografía | ||
| 610 | 1 | 7 | |a UNION EUROPEA |x POLITICA CULTURAL |2 embne |
| 610 | 1 | 7 | |a UNION EUROPEA |x POLITICA LINGUISTICA |2 embne |
| 700 | 1 | 1 | |a Delgado, Eduard |d 1949-2004 |
| 700 | 1 | 1 | |a Belda, Elisenda |
| 700 | 1 | 1 | |a Laaksonen, Annamari |
| 942 | |2 ddc |c BK | ||
| 956 | |a 2 | ||
| 999 | |c 4213 |d 4213 | ||



